| 000 | 00812cam a22001811 4500 | ||
|---|---|---|---|
| 020 | _a0070048614 (v. 4) | ||
| 082 | 0 | 0 |
_a530.1 _bKIT |
| 100 |
_aKnight, Walter D. _939781 |
||
| 245 | 0 | 0 |
_aMechanics _bBerkeley physics course. |
| 260 |
_aNew York, _bMcGraw-Hill _c[1965-71, v. 5, 1967] |
||
| 300 |
_a5 v. _billus. _c25 cm. |
||
| 500 | _aThe course is being developed by an interuniversity group, of which Charles Kittel is chairman. | ||
| 505 | 0 | _av. 1. Mechanics, by C. Kittel, W. D. Knight, and M. A. Ruderman.--v. 2. Electricity and magnetism, by E. M. Purcell.--v. 3. Waves, by F. S. Crawford, Jr.--v. 4. Quantum physics, by E. H. Wichmann--v. 5. Statistical physics, by F. Reif. | |
| 526 |
_a0 _b0 _c0 _d530_100000000000000_KIT |
||
| 650 | 0 | _aPhysics. | |
| 700 | 1 |
_aKittel, Charles. _934447 |
|
| 942 |
_2ddc _cBK |
||
| 999 |
_c544213 _d544213 |
||